000 00570nam a2200193Ia 4500
008 151121s9999||||xx |||||||||||||| ||und||
082 _a813-/ शेळके
082 _bHNW-14321
100 _aशेळके शांता
245 _aप्रेमिक
260 _b"ललित साहित्य प्रकाशन,"
260 _c--
300 _a120
600 _aशेळके शांता
630 _aप्रेमिक
700 _aशेळके शांता
730 _aप्रेमिक
942 _cBOOK
999 _c1218044
_d1218041